The secret tax : what you need to know about inflation (if we are ever going to beat it) /

Bibliographic Details
Main Author: Clark, Lindley H.
Format: Book
Language:English
Published: Princeton, N.J. : Dow Jones Books, [1976]
Subjects:

MARC

Tag First Indicator Second Indicator Subfields
LEADER 00000cam a2200000 i 4500
001 in00000508713
005 20151013063800.0
008 760128s1976 nju 00110 eng
010 |a  75034853  
020 |a 0870941097 
035 |a (OCoLC)02034777 
035 |9 ACD5499AM 
040 |a DLC  |c DLC  |d TXA  |d UtOrBLW 
043 |a n-us--- 
049 |a TXAM  |c [1473737] 
050 0 0 |a HG538  |b .C58 
082 0 |a 332.4/1/0973 
100 1 |a Clark, Lindley H. 
245 1 4 |a The secret tax :  |b what you need to know about inflation (if we are ever going to beat it) /  |c Lindley H. Clark, Jr. 
264 1 |a Princeton, N.J. :  |b Dow Jones Books,  |c [1976] 
264 4 |c ©1976 
300 |a xii, 190 pages ;  |c 21 cm. 
336 |a text  |b txt  |2 rdacontent 
337 |a unmediated  |b n  |2 rdamedia 
338 |a volume  |b nc  |2 rdacarrier 
500 |a Includes index. 
650 0 |a Inflation (Finance)  |z United States. 
999 |a MARS 
999 f f |s 84e54758-8476-3599-9ce7-9df341d00188  |i 2e73235b-f455-30c7-8eb2-83fded75606e  |t 0 
952 f f |p ric  |a Texas A&M University  |b Rellis Campus  |c Joint Library Facility  |d Remote Storage  |t 0  |e HG538 .C58  |h Library of Congress classification  |i unmediated -- volume  |m A14802864910 
998 f f |a HG538 .C58  |t 0  |l Remote Storage